000 00380cam a2200157ua 4500
041 _aeng
_h
082 _a823.308
_bSCO/IV
100 _aScott, Walter .
245 _aIvanhoe: A romance /
_cWalter Scott.
_hTextual Documents
250 _a1 /
_b.
260 _aLondon :
_bE J Arnold & Son Ltd ,
_c1958.
300 _a96 ; .
504 _a
942 _cBK
999 _c6935
_d6935